Normal view
MARC view
- Moss, Gregory L.
Entry Personal Name
001 - CONTROL NUMBER
- control field: 125437
003 - CONTROL NUMBER IDENTIFIER
- control field: NUST
005 - DATE AND TIME OF LATEST TRANSACTION
- control field: 20240828132948.0
008 - FIXED-LENGTH DATA ELEMENTS
- fixed length control field: 240828|| aca||aabn | a|a d
040 ## - CATALOGING SOURCE
- Original cataloging agency: NUST
- Transcribing agency: NUST
100 ## - HEADING--PERSONAL NAME
- Personal name: Moss, Gregory L.
670 ## - SOURCE DATA FOUND
- Source citation: Work cat.: (NUST)0: Widmer, Neal S., author. 103326, Digital systems :
